01020nam a2200229 i 4500003000900000005001700009007000300026008004100029040003000070082003000100100004800130245011900178250001800297264005000315300002600365336002700391337003300418338002800451504002600479586023000505600005500735DO-SdBNP20241022153558.0ta241022s1950 dr 000 0 spa d aDO-SdBNPbspacBNPHUerda a972.9304bH565b, 19502221 4aut.aHerrera, César A.d1910-1988eautor13aLa Batalla de las Carreras :bsus antecedentes históricos y consecuencias trascendentales /cCésar A. Herrera. a2a. edición 1aSanto Domingo :bImpresora Dominicana,c1950. a105 páginasc21 cm. atextobtxt2rdacontent asin mediaciónbn2rdamedia avolumenbnc2rdacarrier aBibliografías p: 5. a1er. premio en el Certamen histórico organizado por la Academia Dominicana de la Historia, La Academia Dominicana de la Lengua y el Ateneo Dominicano en celebración, en 1949 del primer centenario de la gloriosa batalla.  4aSantana Familias, Pedro d1801-1864 xVida militar